| 000 | 00353nam a2200133Ia 4500 | ||
|---|---|---|---|
| 005 | 20251222142014.0 | ||
| 008 | 251222s9999||||xx |||||||||||||| ||spa|| | ||
| 020 | _a84-7969-127-1 | ||
| 082 | _a868.6/Z38 | ||
| 100 | _aZerraluqui, Pedro | ||
| 245 | 0 | _aEl Blues del Revolver | |
| 264 | _bCompañía Europea de Comunicación e Información | ||
| 942 | _cLIB | ||
| 999 |
_c10417 _d10417 |
||